| 000 | 00427nam a2200157Ia 4500 | ||
|---|---|---|---|
| 008 | 220216s9999 xx 000 0 und d | ||
| 100 | _aAngier D J | ||
| 245 | 0 | _aRole of elastomers in impact-resistant polystyrene (1965 reviews) | |
| 260 |
_bRubber Chemistry and Technology _c1965 |
||
| 300 | _a1164-1179 | ||
| 650 | _a1965 reviews | ||
| 650 | _aElastomers | ||
| 650 | _aPolystyrene | ||
| 700 | _aFettes E M | ||
| 942 | _cJS | ||
| 999 |
_c67167 _d67167 |
||